Регионална библиотека "Любен Каравелов" - Русе

Пак на фара (Запис номер 299857)

MARC детайли
000 -Лидер
Контролно поле с фиксирана дължина 00647nja a2200205 a 4500
003 - Код на организацията, давaща контролен номер
Контролно поле BLK
005 - Дата и час на последна редакция
Контролно поле 20221222123145.0
008 - Елементи от данни с фиксирана дължина
fixed length control field 180414c bul|r|ner|||| 00| c0bul d
010 ## - Наследен системен номер
LC control number NOT00001108042
040 ## - Източник на каталожния запис
Идентификатор на билиотеката - собственик на записа BLK
100 1# - Редна дума - Автор
Автор Бояджиев, Атанас Христов
R(LIN) 387765
245 10 - Сведения за заглавието
Заглавие Пак на фара
Редно поле (дума) Атанас Бояджиев; текст Стоян Етърски.
257 ## - Страна на издаване
Страна на създаване/издаване България
380 ## - Жанр
Жанр Изкуство
700 1# - Други автори (авторска отговорност)
Лично име Етърски, Стоян
Автороска отговорност (Описва отношението между автора и произведението) текст
9 (RLIN) 380089
773 ## - Описание на основна библиографска единица при аналитични записи (многотомни)
Host Biblionumber 299815
Host Itemnumber 650997
Редна дума на основното описание Бояджиев, Атанас
Заглавие Конкурс
852 ## - Местоположение
Форматна сигнатура ЦБ М 1156
942 ## - АРТИКУЛИ
Вид на библиотечния материал Нотни издания
Скрит в OPAC Не
944 ## - СЪЗДАВАНЕ И РЕДАКЦИЯ на ЗАПИСА
Създаване/Редакция Създаване
Дата на регистрацията/редакция
Служител, извършил регистрацията/редакцията Ирена_Линкова
944 ## - СЪЗДАВАНЕ И РЕДАКЦИЯ на ЗАПИСА
Създаване/Редакция Редакция
Дата на регистрацията/редакция 05.12.2007
Служител, извършил регистрацията/редакцията
999 ## - СИСТЕМНИ КОНТРОЛНИ НОМЕРА
Koha biblionumber 299857
Koha biblioitemnumber 299857
Наличности
Код за отписване Код за изгубен артикул Код за повреда Коз за рестрикции Код за отдаване Артикулен № Име на библиотеката - собственик Име на библиотеката, в която се намира в момента Статус (Текущо местоположение) Дата на вписване в системата Местоположение - отдел Цена в лева Инвентарен номер Баркод Номер на екземпляра Цена в евро Служебна бележка Служебен тип на артикула Бележка за публиката
  Не е изгубен Не е повреден само за читалня ползва се в читалня 651039 Регионална библиотека "Любен Каравелов" Русе Регионална библиотека "Любен Каравелов" Русе Аналитични записи 2018-04-14 Аналитични записи 0.00 904200001108 904200001108 42 0.00 аналитичен запис Статия Това е описние на част от артикул: Конкурс
Vip Innovations Ltd, Rousse, Bulgaria 2025